Las ideas y las instituciones políticas mexicanas

Сохранить в:
Библиографические подробности
Главный автор: Miranda, José Edgar (autor)
Формат:
Язык:испанский
Опубликовано: Ciudad de México Instituto de Derecho Comparado 1952
Предметы:
Метки: Добавить метку
Нет меток, Требуется 1-ая метка записи!

MARC

LEADER 00000nam a2200000 a 4500
001 UCO0724
003 CL-VaPUC
008 000428e19520000MX |||||||||||||||||spa|d
082 0 4 |a 972  |b MIR  |2 21 
100 |a Miranda, José Edgar  |e autor  |9 442162 
245 1 4 |a Las ideas y las instituciones políticas mexicanas 
300 |a v 
942 |c BK 
945 |d 20000428 00:00:00  |a crobeson 
260 |a Ciudad de México  |b Instituto de Derecho Comparado  |c 1952 
500 |a v.1: 1521-1820 
650 7 |a HISTORIA MEXICANA  |2 CL-VaPUC  |9 333909 
650 0 |a Historia política  |9 256974 
650 7 |a POLITICA Y GOBIERNO 1521-1820  |2 CL-VaPUC  |9 442160 
650 7 |a COLONIA  |2 CL-VaPUC  |9 442161 
650 0 |a Independencia   |9 344246 
650 0 |a Instituciones políticas  |9 255506 
651 0 |a México  |9 255269 
583 |a last modification  |c 20000428 00:00:00  |k Rodrigo Vera 
999 |c 287372  |d 287370 
952 |0 0  |1 0  |4 0  |6 972_000000000000000_MIR_1952  |7 0  |8 A  |9 334209  |a BIBHIS  |b BIBHIS  |d 2019-11-20  |h v.1  |i 1272144  |o 972 MIR 1952  |p 1272144  |r 2025-01-20  |w 2019-11-20  |y BK  |k HIS